Statistics for France World Cup 2022 Squad

Click here to take the quiz!

General Stats

  • This quiz has been taken 49 times
  • The average score is 20 of 26

Answer Stats

PositionClubPlayer% Correct
GKTottenham HotspurHugo Lloris
98%
FWPSGKylian Mbappe
95%
FWAtletico MadridAntoine Griezmann
93%
DFBayern MunichLucas Hernandez
93%
FWAC MilanOlivier Giroud
93%
FWFC BarcelonaOusmane Dembele
90%
DFAC MilanTheo Hernandez
90%
MFReal MadridAurelien Tchouameni
88%
FWReal MadridKarim Benzema
88%
MFReal MadridEduardo Camavinga
85%
DFLiverpoolIbrahima Konate
85%
DFBayern MunichBenjamin Pavard
83%
GKWest Ham UnitedAlphonse Areola
80%
DFFC BarcelonaJules Kounde
80%
DFManchester UnitedRaphael Varane
80%
MFJuventusAdrien Rabiot
78%
DFBayern MunichDayot Upamecano
76%
FWBayern MunichKingsley Coman
73%
FWBorussia MonchengladbachMarcus Thuram
73%
FWEintracht FrankfurtRandal Kolo Muani
73%
GKStade RennesSteve Mandanda
73%
DFArsenalWilliam Saliba
63%
MFAS MonacoYoussouf Fofana
54%
DFAS MonacoAxel Disasi
46%
MFOlympique MarseilleMatteo Guendouzi
46%
MFOlympique MarseilleJordan Veretout
41%

Score Distribution

Percentile by Number Answered

Percent of People with Each Score

Your Score History

You have not taken this quiz